000 01988cam a22003974a 4500
001 15373857
003 OSt
005 20251209151252.0
008 080721s2008 ilu b 001 0 eng
010 _a 2008032005
020 _a9780830828913
_qUS : cloth : alk. paper
020 _a9781842276075
_qUK : cloth : alk. paper
035 _a15373857
040 _aDLC
_cDLC
_dDLC
050 0 0 _aBT220
_b.T59 2008
082 0 0 _a232/.1
_222
100 1 _aTorrance, Thomas F.
_q(Thomas Forsyth),
_d1913-2007.
245 1 0 _aIncarnation :
_bthe person and life of Christ /
_cThomas F. Torrance ; edited by Robert T. Walker.
250 _a[Rev. ed.].
260 _aDowners Grove, IL :
_bIVP Academic,
_c2008.
300 _alii, 371 p. ;
_c24 cm.
336 _atext
_btxt
_2rdacontent
337 _aunmediated
_bn
_2rdamedia
338 _avolume
_bnc
_2rdacarrier
500 _a"Scripture quotations are taken from the King James Version or the Revised Standard Version of the Bible, or are the author's own translation."--T.p. verso.
504 _aIncludes bibliographical references and indexes.
505 0 _aAuthor's foreword -- Preface / by Thomas S. Torrance -- Editor's foreword -- Synopsis -- Editor's introduction -- Introduction to christology -- The Incarnation -- The once and for all union of God and man -- The continuous union in the life of Jesus -- The mystery of Christ -- The hypostatic union -- The kingdom of Christ and evil -- Addendum: Eschatology.
600 0 0 _aJesus Christ
_xPerson and offices.
650 0 _aIncarnation.
700 1 _aWalker, Robert T.
856 4 1 _3Table of contents only
_uhttp://www.loc.gov/catdir/toc/ecip0824/2008032005.html
906 _a7
_bcbc
_corignew
_d1
_eecip
_f20
_gy-gencatlg
942 _2lcc
_cBK
999 _c20987
_d20986